00358nam a2200133Ia 4500003000400000005001700004008004100021040000900062082001800071100002300089245005600112260004700168300000900215OSt20200706120426.0190216s9999||||xx |||||||||||||| ||und|| coclc a940.18bCHE/D aCheyney, Edward P  4aThe Dawn Of A New Era 1250-1453 /cEdward P Cheyney bHarper & Row Publishers,aNew York:c1962. a389p